[Event "Litomysl"]
[Site "?"]
[Date "2018.01.31"]
[Round "6.16"]
[White "Nemcova, Karin"]
[Black "Voriskova, Anna"]
[Result "1-0"]
[WhiteElo "2068"]
[BlackElo "1446"]
[PlyCount "47"]
[EventDate "2018.??.??"]

1. e4 e5 2. Nf3 Nf6 3. Nc3 Nc6 4. d4 exd4 5. Nxd4 Bb4 6. Nxc6 dxc6 7. Bd3 Be6
8. O-O O-O 9. Bg5 Be7 10. Qe2 Qd7 11. Rad1 Qc8 12. h3 h6 13. Bh4 Re8 14. e5 Nd5
15. Bxe7 Rxe7 16. Qe4 Re8 17. Qh7+ Kf8 18. Nxd5 cxd5 19. f4 g6 20. f5 gxf5 21.
Bxf5 Ke7 22. Bxe6 Qxe6 23. Rf6 Qxe5 24. Qxf7+ 1-0

[Event "Litomysl"]
[Site "?"]
[Date "2018.01.31"]
[Round "6.17"]
[White "Richterova, Julie"]
[Black "Gregurkova, Nikola"]
[Result "1-0"]
[WhiteElo "1908"]
[BlackElo "1625"]
[PlyCount "71"]
[EventDate "2018.??.??"]

1. Nf3 Nf6 2. c4 g6 3. Nc3 d5 4. Qa4+ c6 5. cxd5 Nxd5 6. Nxd5 Qxd5 7. e4 Qd6 8.
d4 Bg7 9. Be3 Bg4 10. Ne5 Be6 11. Bf4 Qd8 12. d5 Bd7 13. Qb3 Bxe5 14. Bxe5 f6
15. Bc3 Qc7 16. Bc4 b5 17. Be2 a6 18. Rd1 c5 19. d6 Qb6 20. e5 fxe5 21. Bxe5 c4
22. Qc3 Rf8 23. Bf3 Nc6 24. dxe7 Rf7 25. Bd6 Nxe7 26. O-O Bc6 27. Bxe7 Rxe7 28.
Qh8+ Kf7 29. Qxh7+ Kf6 30. Rd6+ Re6 31. Rxe6+ Kxe6 32. Qxg6+ Kd7 33. Rd1+ Kc7
34. Qd6+ Kb7 35. Qd7+ Qc7 36. Bxc6+ 1-0

[Event "Litomysl"]
[Site "?"]
[Date "2018.01.31"]
[Round "6.18"]
[White "Gresova, Zuzana"]
[Black "Pejrimovska, Viola Ruby"]
[Result "1-0"]
[WhiteElo "1860"]
[BlackElo "1504"]
[PlyCount "78"]
[EventDate "2018.??.??"]

1. d4 c5 2. d5 Nf6 3. Nc3 e6 4. e4 exd5 5. exd5 d6 6. Nf3 Bf5 7. Bd3 Bd7 8. O-O
Be7 9. Re1 O-O 10. a4 Bg4 11. h3 Bh5 12. Bf1 Qd7 13. Re3 Na6 14. Bxa6 bxa6 15.
Qd3 Qb7 16. Nd2 Bg6 17. Qe2 Rfe8 18. Nf1 Nh5 19. b3 Nf4 20. Qf3 Nh5 21. Bd2 Bf6
22. Rae1 Red8 23. g4 Bd4 24. Re7 Qc8 25. gxh5 Bf5 26. Ng3 Bxh3 27. Qxf7+ Kh8
28. h6 Rg8 29. hxg7+ Bxg7 30. Bh6 Qg4 31. Bxg7+ Rxg7 32. Re8+ Rxe8 33. Rxe8+
Rg8 34. Rxg8+ Qxg8 35. Qxg8+ Kxg8 36. Nce4 Kf7 37. Ng5+ Kf6 38. Nxh3 Ke5 39.
f4+ Kxd5 1-0

[Event "Litomysl"]
[Site "?"]
[Date "2018.01.31"]
[Round "6.19"]
[White "Beranova, Karin"]
[Black "Trasakova, Adela"]
[Result "1-0"]
[WhiteElo "1410"]
[BlackElo "1462"]
[PlyCount "61"]
[EventDate "2018.??.??"]

1. e4 c6 2. d4 d5 3. Nc3 dxe4 4. Nxe4 Bf5 5. Bd3 Bxe4 6. Bxe4 Nf6 7. f3 Nxe4 8.
fxe4 e5 9. Be3 Qh4+ 10. Bf2 Qxe4+ 11. Ne2 Be7 12. O-O exd4 13. Nxd4 Qg6 14. Qe2
c5 15. Nb5 Na6 16. Rae1 Qe6 17. Qxe6 fxe6 18. Rxe6 Rd8 19. Rfe1 Rd7 20. Bh4 g5
21. Bxg5 Rg8 22. Rxe7+ Rxe7 23. Bxe7 Kd7 24. c4 Re8 25. Bh4 Rf8 26. Rd1+ Kc8
27. Nxa7+ Kb8 28. Nb5 Nb4 29. h3 Nxa2 30. Bg3+ Ka8 31. Ra1 1-0

[Event "Litomysl"]
[Site "?"]
[Date "2018.01.31"]
[Round "6.20"]
[White "Vsetulova, Viktorie"]
[Black "Maresova, Michaela"]
[Result "1/2-1/2"]
[WhiteElo "1520"]
[BlackElo "1186"]
[PlyCount "101"]
[EventDate "2018.??.??"]

1. e4 d5 2. exd5 Qxd5 3. Nc3 Qa5 4. d4 c6 5. Bc4 Bf5 6. Nf3 Nd7 7. Bd2 Qc7 8.
Nh4 Bg6 9. Qf3 Ngf6 10. Bf4 Qb6 11. Nxg6 hxg6 12. O-O-O e6 13. g4 Nd5 14. Bg3
Nxc3 15. Qxc3 Be7 16. h4 Nf6 17. f3 Qb4 18. Qd3 Rd8 19. Bxe6 fxe6 20. Qxg6+ Kf8
21. g5 Nh5 22. Be5 Qc4 23. f4 Bd6 24. Bxg7+ Nxg7 25. Qf6+ Ke8 26. Qxg7 Bxf4+
27. Kb1 Rf8 28. h5 Rd7 29. Qg6+ Kd8 30. h6 Rxd4 31. Rxd4+ Qxd4 32. c3 Qd5 33.
Qh5 Qf5+ 34. Ka1 Qxg5 35. Qd1+ Kc7 36. h7 Rh8 37. Qd3 Qf5 38. Qd4 e5 39. Qxa7
Rxh7 40. Qa5+ Kd7 41. Rd1+ Ke6 42. Qd8 e4 43. Qe8+ Kf6 44. Qf8+ Kg6 45. Rg1+
Bg5 46. Qg8+ Kf6 47. Qd8+ Kg6 48. Qg8+ Kf6 49. Qd8+ Kg6 50. Qg8+ Kf6 51. Qd8+
1/2-1/2

[Event "Litomysl"]
[Site "?"]
[Date "2018.01.31"]
[Round "6.21"]
[White "Semova, Lada"]
[Black "Huskova, Agata"]
[Result "0-1"]
[WhiteElo "1357"]
[BlackElo "1408"]
[PlyCount "112"]
[EventDate "2018.??.??"]

1. e4 e5 2. Nf3 Nf6 3. Nxe5 d6 4. Nf3 Nxe4 5. Nc3 Nxc3 6. dxc3 Be7 7. Be3 Be6
8. Bd3 O-O 9. Qd2 Nc6 10. h4 Ne5 11. Ng5 Nxd3+ 12. Qxd3 Bxg5 13. hxg5 g6 14.
O-O-O f6 15. f4 a5 16. Rh2 a4 17. Rdh1 Qd7 18. Qxg6+ hxg6 19. Rh8+ Kf7 20.
R1h7+ Ke8 21. Rxd7 Kxd7 22. Rh7+ Rf7 23. Rh6 fxg5 24. fxg5 Rg8 25. b3 axb3 26.
cxb3 Bd5 27. g3 Rf3 28. Kd2 Rxg3 29. c4 Be6 30. Kd3 Rh3 31. Ke4 Ke7 32. Kf4 Kf7
33. a4 Rh8 34. Ke4 Rh4+ 35. Kf3 R8xh6 36. gxh6 Kg8 37. Kg3 Rh5 38. Kf3 Kf7 39.
Ke4 Ke7 40. Kd3 Bg8 41. b4 Kd7 42. a5 Rh4 43. Bd4 Rxh6 44. b5 Rh3+ 45. Be3
Bxc4+ 46. Kxc4 Rxe3 47. a6 bxa6 48. bxa6 Ra3 49. Kb5 g5 50. Kc4 Rxa6 51. Kd3 g4
52. Ke2 g3 53. Kf3 Ra3+ 54. Kg2 d5 55. Kf1 Ra2 56. Kg1 d4 0-1

[Event "Litomysl"]
[Site "?"]
[Date "2018.01.31"]
[Round "6.22"]
[White "Winter, Ondrej"]
[Black "Brozka, Karel"]
[Result "0-1"]
[WhiteElo "1483"]
[BlackElo "1704"]
[PlyCount "126"]
[EventDate "2018.??.??"]

1. e4 c6 2. Nc3 g6 3. Nf3 Bg7 4. d4 d5 5. e5 Bg4 6. h3 Bxf3 7. Qxf3 e6 8. Bf4
Qb6 9. Qd3 Nd7 10. Qd2 Ne7 11. Be2 Rc8 12. Na4 Qc7 13. O-O a6 14. b3 c5 15.
Nxc5 Nxc5 16. dxc5 Bxe5 17. Bxe5 Qxe5 18. c4 O-O 19. b4 Rfd8 20. Qc2 Nc6 21.
Kh1 Nxb4 22. Qb3 Qxe2 23. Qxb4 Qxc4 24. Qxb7 Rb8 25. Qc7 Rdc8 26. Qd6 Qxc5 27.
Qxa6 Ra8 28. Qe2 Qc2 29. Qb5 Rcb8 30. Qd7 Rxa2 31. Rxa2 Qxa2 32. Qc7 Qb3 33. h4
Qb6 34. Qe5 Qb5 35. Kg1 Qb2 36. Qf4 Rb4 37. Qd6 Rc4 38. h5 Rc1 39. Qd8+ Kg7 40.
h6+ Kxh6 41. Qf8+ Kh5 42. Qxf7 Rxf1+ 43. Kxf1 Qb1+ 44. Ke2 Qc2+ 45. Ke1 Qe4+
46. Kf1 h6 47. f3 Qe5 48. Qe7 g5 49. Kf2 d4 50. g3 Qe3+ 51. Kg2 Qe2+ 52. Kh3
g4+ 53. fxg4+ Qxg4+ 54. Kg2 Qe4+ 55. Kh2 d3 56. Qf7+ Kg4 57. Qg7+ Kf3 58. Qf7+
Ke2 59. Qh5+ Kf2 60. Qf7+ Ke1 61. Qa7 Qe2+ 62. Kh3 d2 63. Qa5 Kf1 0-1

[Event "Litomysl"]
[Site "?"]
[Date "2018.01.31"]
[Round "6.23"]
[White "Fizer, Marek"]
[Black "Simek, Viktor"]
[Result "1-0"]
[WhiteElo "1501"]
[BlackElo "1528"]
[PlyCount "69"]
[EventDate "2018.??.??"]

1. e4 e5 2. Nf3 Nc6 3. Bb5 a6 4. Ba4 Nf6 5. d3 d6 6. c3 Be7 7. O-O O-O 8. Re1
b5 9. Bb3 Na5 10. Bc2 c5 11. Nbd2 Re8 12. Nf1 Nh5 13. Nxe5 dxe5 14. Qxh5 Bf6
15. Ne3 Be6 16. Nf5 Bxf5 17. Qxf5 Rc8 18. Be3 Re6 19. Rad1 Rd6 20. f4 exf4 21.
Bxf4 Rd7 22. e5 Bh4 23. Re3 Nc4 24. Rh3 Rcc7 25. e6 Nd6 26. Qg4 fxe6 27. Rxh4
Qe8 28. d4 Nf5 29. Bxf5 exf5 30. Qxf5 g6 31. Qg5 Rc8 32. Be5 cxd4 33. Qf6 dxc3
34. Qh8+ Kf7 35. Rxh7+ 1-0

[Event "Litomysl"]
[Site "?"]
[Date "2018.01.31"]
[Round "6.24"]
[White "Simunek, Jakub Simon"]
[Black "Dolensky, Filip"]
[Result "1/2-1/2"]
[WhiteElo "1513"]
[BlackElo "1561"]
[PlyCount "68"]
[EventDate "2018.??.??"]

1. d4 Nf6 2. Nf3 g6 3. Nc3 Bg7 4. e4 d6 5. Be3 O-O 6. Be2 c6 7. Qd2 Qc7 8. h4
h5 9. Bh6 Nbd7 10. Bxg7 Kxg7 11. g4 Nxg4 12. Ng5 Ndf6 13. f3 Nh6 14. O-O-O b5
15. Rdg1 a5 16. f4 Nfg4 17. Nd1 b4 18. Ne3 Nxe3 19. Qxe3 Bg4 20. Bxg4 Nxg4 21.
Rxg4 hxg4 22. h5 Rh8 23. Rg1 Rxh5 24. Rxg4 Rh1+ 25. Kd2 Rah8 26. f5 R8h2+ 27.
Kd3 Rd1+ 28. Kc4 Rxc2+ 29. Kb3 Rdd2 30. Ne6+ fxe6 31. Rxg6+ Kf7 32. fxe6+ Kxg6
33. Qg3+ Kf6 34. Qf4+ Kg6 1/2-1/2

[Event "Litomysl"]
[Site "?"]
[Date "2018.01.31"]
[Round "6.25"]
[White "Hladky, Tadeas"]
[Black "Smolik, Jachym"]
[Result "1-0"]
[WhiteElo "1627"]
[BlackElo "1605"]
[PlyCount "103"]
[EventDate "2018.??.??"]

1. e4 c5 2. c3 d5 3. exd5 Qxd5 4. d4 Nf6 5. Nf3 Bg4 6. Be2 e6 7. O-O Nc6 8. Be3
cxd4 9. cxd4 Be7 10. Nc3 Qd8 11. Qb3 Qd7 12. Rfd1 O-O 13. Ne5 Na5 14. Nxd7 Nxb3
15. Nxf6+ Bxf6 16. axb3 Bf5 17. Bd3 Bg4 18. f3 Bh5 19. g4 Bg6 20. Bxg6 hxg6 21.
g5 Be7 22. d5 Bb4 23. Rxa7 Rxa7 24. Bxa7 exd5 25. Nxd5 Ba5 26. Ne7+ Kh7 27. Rd4
Be1 28. Kf1 Re8 29. Bc5 f6 30. Kxe1 fxg5 31. h4 Kh6 32. hxg5+ Kxg5 33. Rg4+ Kf6
34. Rxg6+ Kf7 35. Rb6 Rh8 36. Rxb7 Kf6 37. Bd4+ Kg5 38. f4+ Kg4 39. Bxg7 Rh2
40. f5 Kf3 41. f6 Ke3 42. Nf5+ Kd3 43. Rd7+ Kc2 44. Ne3+ Kb1 45. Rd2 Rh1+ 46.
Ke2 Kc1 47. Rd1+ Kxb2 48. f7+ Ka2 49. Rxh1 Kxb3 50. f8=Q Ka2 51. Qa8+ Kb3 52.
Rb1# 1-0

[Event "Litomysl"]
[Site "?"]
[Date "2018.01.31"]
[Round "6.26"]
[White "Janous, Marek"]
[Black "Nguyen, Thai Dang Vi"]
[Result "0-1"]
[WhiteElo "1560"]
[BlackElo "1292"]
[PlyCount "88"]
[EventDate "2018.??.??"]

1. e4 e5 2. Nf3 Nf6 3. Nc3 Nc6 4. d4 exd4 5. Nxd4 Bb4 6. Nxc6 bxc6 7. Bd3 O-O
8. O-O d5 9. exd5 cxd5 10. Bg5 Bb7 11. Bh4 Re8 12. a3 Ba5 13. Ne2 h6 14. c3 Bb6
15. Bc2 Ba6 16. Bd3 Bxd3 17. Qxd3 Qe7 18. Nd4 Qe4 19. Qxe4 Nxe4 20. Rad1 Bxd4
21. Rxd4 c6 22. f3 Nd6 23. Ra4 Nc4 24. b4 a6 25. Re1 Rxe1+ 26. Bxe1 Kf8 27. Kf2
Ke7 28. Ke2 Kd7 29. Bg3 Kc8 30. Bf4 Kb7 31. Be3 Re8 32. b5 Rxe3+ 33. Kf2 cxb5
34. Rxc4 Rxf3+ 35. Kxf3 dxc4 36. Ke4 Kc6 37. Kd4 h5 38. g3 f6 39. a4 bxa4 40.
Kxc4 a5 41. h3 g6 42. h4 g5 43. Kd4 gxh4 44. gxh4 f5 0-1

[Event "Litomysl"]
[Site "?"]
[Date "2018.01.31"]
[Round "6.27"]
[White "Werner, Hong Quan Dan"]
[Black "Kodet, Jaromir"]
[Result "1-0"]
[WhiteElo "1504"]
[BlackElo "1268"]
[PlyCount "85"]
[EventDate "2018.??.??"]

1. e4 c6 2. d4 d5 3. Nc3 dxe4 4. Nxe4 Bf5 5. Ng3 Bg6 6. h4 h6 7. h5 Bh7 8. Nf3
Nd7 9. Bd3 Bxd3 10. Qxd3 Ngf6 11. Bd2 e6 12. O-O-O Be7 13. Kb1 O-O 14. Ne4 Nxe4
15. Qxe4 Nf6 16. Qe2 b5 17. Ne5 Qc7 18. g4 Nd7 19. Nd3 a6 20. f4 c5 21. dxc5
Nxc5 22. Nc1 Rac8 23. Be3 Bf6 24. g5 Bxb2 25. Bxc5 Bxc1 26. Bxf8 Bxf4 27. Ba3
Bxg5 28. Bb2 Qc5 29. Rh3 a5 30. Rc3 Qf8 31. Qxb5 Rb8 32. Qxa5 Bf6 33. Rb3 Bxb2
34. Kxb2 Rxb3+ 35. axb3 Kh7 36. Qd8 Qc5 37. Qd3+ f5 38. Qg3 f4 39. Qg6+ Kg8 40.
Rd8+ Qf8 41. Qxe6+ Kh7 42. Rxf8 g5 43. Qf7# 1-0

[Event "Litomysl"]
[Site "?"]
[Date "2018.01.31"]
[Round "6.28"]
[White "Lang, Simon"]
[Black "Mohapl, Tomas"]
[Result "1-0"]
[WhiteElo "1415"]
[BlackElo "1446"]
[PlyCount "95"]
[EventDate "2018.??.??"]

1. d4 d5 2. c4 c6 3. Nc3 Nf6 4. Nf3 dxc4 5. e4 b5 6. Be2 Bb7 7. O-O h6 8. Bf4
e6 9. d5 cxd5 10. Nxb5 Na6 11. Qa4 Nd7 12. Ne5 Bc5 13. exd5 exd5 14. Nxd7 Qxd7
15. Bg4 Qc6 16. Rfe1+ Kf8 17. Bf3 Qb6 18. Be3 Bxe3 19. Rxe3 Bc6 20. Qa3+ Kg8
21. Nd6 Nc5 22. Qc3 Nd3 23. Qc2 Qxb2 24. Qxb2 Nxb2 25. Rb1 Nd3 26. Re7 c3 27.
Bd1 f6 28. Nf5 Re8 29. Rxg7+ Kf8 30. Bh5 Re1+ 31. Rxe1 Nxe1 32. Rf7+ Ke8 33.
Rh7+ Kd8 34. Rxh8+ Kc7 35. Nd4 c2 36. Nxc2 Nxc2 37. Rxh6 d4 38. Be2 Be4 39.
Rxf6 d3 40. Bd1 d2 41. h4 Nb4 42. a3 Nd5 43. Re6 Nc3 44. Bb3 Bd5 45. Re3 Bxb3
46. Rxc3+ Kb7 47. Rd3 Kc7 48. Rc3+ 1-0

[Event "Litomy?l"]
[Site "?"]
[Date "2018.02.01"]
[Round "7.1"]
[White "Mladek, Richard"]
[Black "Nehyba, Martin"]
[Result "1/2-1/2"]
[WhiteElo "2091"]
[BlackElo "2003"]
[PlyCount "121"]
[EventDate "2018.??.??"]

1. d4 f5 2. g3 g6 3. Bg2 Bg7 4. Nf3 Nf6 5. O-O O-O 6. c4 d6 7. Nc3 c6 8. Rb1 a5
9. d5 e5 10. dxe6 Bxe6 11. b3 Na6 12. Ng5 Bc8 13. Qc2 h6 14. Nf3 Nb4 15. Qd2
Be6 16. Nd4 Bf7 17. a3 Na6 18. e4 fxe4 19. Nxe4 Nxe4 20. Bxe4 Nc5 21. Bg2 Re8
22. Bb2 d5 23. Nxc6 Nxb3 24. Qc2 bxc6 25. Bxg7 Kxg7 26. Rxb3 dxc4 27. Rb7 Rb8
28. Rxb8 Qxb8 29. Bxc6 Re7 30. Rd1 Qb3 31. Qc1 Re2 32. Rd7 Qb6 33. Rxf7+ Kxf7
34. Qxc4+ Kf6 35. Qxe2 Qxc6 36. Qe3 Qd5 37. Qxh6 Qd1+ 38. Kg2 Qd5+ 39. Kh3 Qf5+
40. Kh4 Qxf2 41. Qf4+ Qxf4+ 42. gxf4 Kf5 43. Kg3 a4 44. Kf3 Ke6 45. Ke4 Kf6 46.
h4 Ke6 47. f5+ gxf5+ 48. Kf4 Kf6 49. h5 Kg7 50. Kxf5 Kh6 51. Kg4 Kg7 52. Kg5
Kh7 53. h6 Kg8 54. Kf5 Kh7 55. Kg5 Kg8 56. Kg6 Kh8 57. Kf7 Kh7 58. Ke8 Kxh6 59.
Kd7 Kg6 60. Kc6 Kf6 61. Kd6 1/2-1/2

[Event "Litomy?l"]
[Site "?"]
[Date "2018.02.01"]
[Round "7.2"]
[White "Eret, Matous"]
[Black "Polansky, Adam Lubos"]
[Result "1-0"]
[WhiteElo "2177"]
[BlackElo "1864"]
[PlyCount "49"]
[EventDate "2018.??.??"]

1. b3 e5 2. Bb2 Nc6 3. e3 Nf6 4. Bb5 Bd6 5. Na3 Na5 6. Nf3 Qe7 7. Nc4 Nxc4 8.
Bxc4 c5 9. O-O Bc7 10. e4 O-O 11. Re1 Re8 12. Ng5 Rf8 13. f4 d6 14. Nf3 Bg4 15.
h3 Bxf3 16. Qxf3 exf4 17. d4 Rfe8 18. e5 dxe5 19. dxe5 Bxe5 20. Rxe5 Qc7 21.
Rae1 Qa5 22. Bc3 Qxa2 23. Rxe8+ Rxe8 24. Rxe8+ Nxe8 25. Qxf4 1-0

[Event "Litomy?l"]
[Site "?"]
[Date "2018.02.01"]
[Round "7.3"]
[White "Sykora, Marek"]
[Black "Petr, Jakub"]
[Result "1/2-1/2"]
[WhiteElo "1847"]
[BlackElo "2122"]
[PlyCount "62"]
[EventDate "2018.??.??"]

1. e4 c5 2. c3 d5 3. exd5 Qxd5 4. d4 Nc6 5. Nf3 Bg4 6. Be2 cxd4 7. cxd4 e6 8.
Nc3 Qa5 9. O-O Nf6 10. Be3 Bd6 11. h3 Bh5 12. Qb3 Qb4 13. Qxb4 Nxb4 14. Rac1
O-O 15. a3 Nbd5 16. Nd2 Nxc3 17. Bxh5 Nxh5 18. Rxc3 Nf4 19. Re1 Rac8 20. Ne4
Rxc3 21. Nxc3 Nd3 22. Re2 Rc8 23. Nb5 Bb8 24. g3 h6 25. Rd2 Rc1+ 26. Kh2 Ne1
27. Re2 Rd1 28. Nc3 Ra1 29. Ne4 Nf3+ 30. Kg2 Ne1+ 31. Kh2 Nf3+ 1/2-1/2

[Event "Litomy?l"]
[Site "?"]
[Date "2018.02.01"]
[Round "7.4"]
[White "Broz, Petr"]
[Black "Svanda, Ondrej"]
[Result "0-1"]
[WhiteElo "1754"]
[BlackElo "2071"]
[PlyCount "96"]
[EventDate "2018.??.??"]

1. e4 c5 2. b4 cxb4 3. a3 d5 4. exd5 Qxd5 5. Nf3 e5 6. c4 Qe6 7. Bd3 e4 8. O-O
Be7 9. Re1 Qf6 10. Bxe4 Qxa1 11. Qb3 Qf6 12. axb4 Kf8 13. d4 Qd6 14. c5 Qd8 15.
Ne5 Qe8 16. Qf3 Nf6 17. Bxb7 Bxb7 18. Qxb7 Nbd7 19. Nc6 Qc8 20. Qxc8+ Rxc8 21.
Nxe7 Re8 22. Bf4 Rxe7 23. Bd6 Nd5 24. Nc3 N7f6 25. Nxd5 Nxd5 26. Re5 Ke8 27.
Bxe7 Nxe7 28. d5 Kd7 29. b5 Rb8 30. d6 Nc8 31. Rd5 Nxd6 32. Rxd6+ Kc7 33. Rc6+
Kd7 34. Ra6 Rxb5 35. c6+ Kc7 36. Rxa7+ Kxc6 37. g3 Rb7 38. Rxb7 Kxb7 39. Kg2
Kc6 40. Kf3 Kd5 41. Kf4 Ke6 42. Kg5 h6+ 43. Kg4 g6 44. f4 f5+ 45. Kf3 Kd5 46.
h3 Kd4 47. g4 Kd3 48. h4 h5 0-1

[Event "Litomy?l"]
[Site "?"]
[Date "2018.02.01"]
[Round "7.5"]
[White "Stinka, Jakub"]
[Black "Szotkowski, David"]
[Result "1-0"]
[WhiteElo "2050"]
[BlackElo "1913"]
[PlyCount "82"]
[EventDate "2018.??.??"]

1. d4 Nf6 2. Nf3 c5 3. d5 e6 4. Nc3 Nxd5 5. Nxd5 exd5 6. Qxd5 Be7 7. e4 O-O 8.
Be2 Nc6 9. Be3 d6 10. c3 Be6 11. Qh5 Qd7 12. Ng5 Bxg5 13. Qxg5 f6 14. Qh5 Bf7
15. Qh4 Qe7 16. O-O Rfe8 17. Bd3 Ne5 18. Bc2 Ng6 19. Qg3 Rad8 20. Rfd1 b5 21.
b3 Rd7 22. Rd2 Red8 23. Rad1 a5 24. a3 Qe6 25. f4 Qe7 26. Qf3 d5 27. exd5 Nh4
28. Qf2 Rxd5 29. Bxc5 Rxd2 30. Rxd2 Rxd2 31. Bxe7 Rxf2 32. Kxf2 Ng6 33. Bd6 Bd5
34. g3 Nf8 35. Bc7 Nd7 36. Bxa5 Nc5 37. c4 bxc4 38. bxc4 Bxc4 39. Ke3 Nb3 40.
Bb4 g6 41. Bd3 Bd5 1-0

[Event "Litomy?l"]
[Site "?"]
[Date "2018.02.01"]
[Round "7.6"]
[White "Kures, Michael"]
[Black "Skalsky, Alexandr"]
[Result "1/2-1/2"]
[WhiteElo "1986"]
[BlackElo "2029"]
[PlyCount "165"]
[EventDate "2018.??.??"]

1. d4 Nf6 2. c4 g6 3. Nf3 Bg7 4. g3 d5 5. Bg2 dxc4 6. O-O c6 7. a4 O-O 8. Nbd2
Be6 9. Qc2 Na6 10. Nxc4 Nb4 11. Qb3 a5 12. Ng5 Bxc4 13. Qxc4 h6 14. Nf3 Qd5 15.
Qxd5 cxd5 16. Bd2 Nc6 17. Rfc1 Ne4 18. e3 e6 19. Be1 Rfc8 20. Nd2 Nd6 21. Nf3
Bf8 22. Bf1 Kg7 23. b3 b6 24. Be2 f6 25. Kf1 Ra7 26. Rc2 Ne7 27. Rxc8 Nexc8 28.
Rc1 Be7 29. Bd3 Bd8 30. Ke2 Rc7 31. Rxc7+ Bxc7 32. Nd2 f5 33. Kd1 Ne7 34. Nb1
Nc6 35. f3 h5 36. Na3 Nf7 37. f4 Nd6 38. Nb5 Bb8 39. Nxd6 Bxd6 40. h4 Kf7 41.
Bb5 Ne7 42. Be2 Ke8 43. Kc2 Kd8 44. Kb2 Ng8 45. Bf3 Kc7 46. Ka2 Kc6 47. Be2 Nf6
48. Bb5+ Kc7 49. Be2 Ne4 50. Bf3 Kd7 51. Bxe4 fxe4 52. Kb2 Ke7 53. Kc2 Kf6 54.
Kd1 Kf5 55. Ke2 Kg4 56. Kf2 Kh3 57. Bc3 Bb4 58. Bb2 Kh2 59. Bc1 Bc3 60. Ba3 Bb4
61. Bc1 Kh3 62. Bb2 Kg4 63. Bc1 Kf5 64. Bb2 Kf6 65. Ke2 Ke7 66. Bc1 Kf6 67. Kf2
Kf5 68. Bb2 Kg4 69. Bc1 Kh3 70. Bb2 Bd2 71. Ba3 Bb4 72. Bc1 Be7 73. Bb2 Kg4 74.
Bc1 Kf5 75. Bb2 Kf6 76. Bc1 Bb4 77. Bb2 Ke7 78. Bc1 Kd7 79. Ke2 Kc6 80. Bd2 Ba3
81. Kd1 Be7 82. Bc1 Kd7 83. Ke2 1/2-1/2

[Event "Litomy?l"]
[Site "?"]
[Date "2018.02.01"]
[Round "7.7"]
[White "Bulockin, Martin"]
[Black "Sprenar, Petr"]
[Result "1-0"]
[WhiteElo "2120"]
[BlackElo "2106"]
[PlyCount "49"]
[EventDate "2018.??.??"]

1. e4 c5 2. Nf3 d6 3. d4 cxd4 4. Nxd4 Nf6 5. Nc3 a6 6. Be3 e5 7. Nb3 Be6 8. Qd2
Be7 9. f3 O-O 10. O-O-O a5 11. Bb5 Na6 12. g4 a4 13. Bxa4 Nb4 14. g5 Nd7 15.
Bxd7 Qxd7 16. a3 Na6 17. Nd5 Bd8 18. Rhg1 b5 19. Bf2 b4 20. Nf6+ Bxf6 21. gxf6
Rfc8 22. Rxg7+ Kh8 23. Qh6 Rxc2+ 24. Kxc2 Bxb3+ 25. Kb1 1-0

[Event "Litomy?l"]
[Site "?"]
[Date "2018.02.01"]
[Round "7.8"]
[White "Jun, Rudolf"]
[Black "Kusa, Jakub"]
[Result "1/2-1/2"]
[WhiteElo "1947"]
[BlackElo "1825"]
[PlyCount "60"]
[EventDate "2018.??.??"]

1. e4 e5 2. Nf3 Nc6 3. Nc3 Nf6 4. d4 exd4 5. Nd5 Nb4 6. Nxd4 Nbxd5 7. exd5 d6
8. c4 Be7 9. Bd3 O-O 10. O-O Re8 11. Bf5 Bxf5 12. Nxf5 Qd7 13. Nxe7+ Rxe7 14.
h3 Qf5 15. Be3 Rae8 16. b4 a6 17. a4 Re4 18. Qd3 Qg6 19. Rac1 Nh5 20. Rfd1 f5
21. Bd2 Nf6 22. Bc3 f4 23. Rf1 Rf8 24. Bxf6 Rxf6 25. Qf3 Rf8 26. a5 Rfe8 27. b5
Qf6 28. Qb3 Qd4 29. bxa6 bxa6 30. Qa3 R4e5 1/2-1/2

[Event "Litomy?l"]
[Site "?"]
[Date "2018.02.01"]
[Round "7.9"]
[White "Nguyen, Thai Dai Vinh"]
[Black "Gnojek, Petr"]
[Result "0-1"]
[WhiteElo "1869"]
[BlackElo "2018"]
[PlyCount "66"]
[EventDate "2018.??.??"]

1. e4 c5 2. Nf3 Nc6 3. d4 cxd4 4. Nxd4 g6 5. Nc3 Bg7 6. Be3 Nf6 7. Bc4 Qa5 8.
O-O O-O 9. Bb3 d6 10. h3 Bd7 11. Re1 Rfc8 12. Qe2 Be8 13. Rad1 Nd7 14. Nd5 Qd8
15. a3 Nc5 16. Nxc6 Rxc6 17. Bg5 Bf8 18. e5 Ne6 19. Bh4 g5 20. exd6 gxh4 21.
dxe7 Bxe7 22. Nf6+ Bxf6 23. Rxd8 Rxd8 24. Qg4+ Ng7 25. Ba4 Rcc8 26. Bb3 Bxb2
27. Re7 Rc6 28. Rxb7 Rg6 29. Qf3 Rf6 30. Qg4 Bd4 31. Qxh4 Bxf2+ 32. Qxf2 Rd1+
33. Kh2 Rxf2 0-1

[Event "Litomy?l"]
[Site "?"]
[Date "2018.02.01"]
[Round "7.10"]
[White "Vojta, Jakub"]
[Black "Stastny, Jakub"]
[Result "1-0"]
[WhiteElo "2087"]
[BlackElo "1752"]
[PlyCount "59"]
[EventDate "2018.??.??"]

1. e4 c5 2. Nf3 g6 3. c4 Nc6 4. d4 cxd4 5. Nxd4 Bg7 6. Be3 Nf6 7. Nc3 O-O 8.
Be2 d6 9. O-O Bd7 10. f3 a6 11. Qd2 Rc8 12. Rac1 Ne5 13. b3 Qa5 14. Nd5 Qxd2
15. Nxe7+ Kh8 16. Bxd2 Rc7 17. Ba5 b6 18. Bxb6 Rb7 19. c5 dxc5 20. Bxc5 Ra8 21.
f4 Neg4 22. e5 Nh5 23. Bf3 Rab8 24. Bxb7 Rxb7 25. Nd5 Bh6 26. h3 Nxe5 27. fxe5
Bxc1 28. Rxc1 Ng7 29. Bd6 Nf5 30. Nxf5 1-0

[Event "Litomy?l"]
[Site "?"]
[Date "2018.02.01"]
[Round "7.11"]
[White "Jares, Michal"]
[Black "Flajsman, Petr"]
[Result "0-1"]
[WhiteElo "1802"]
[BlackElo "1667"]
[PlyCount "148"]
[EventDate "2018.??.??"]

1. d4 b5 2. e4 Bb7 3. d5 a6 4. Nf3 Nf6 5. Bd3 e6 6. O-O Be7 7. a4 bxa4 8. c4 d6
9. Nd4 c5 10. Qxa4+ Qd7 11. Ne2 Qxa4 12. Rxa4 Nbd7 13. f4 O-O 14. Nbc3 Rfb8 15.
h3 Bc8 16. g4 Rb4 17. Rxb4 cxb4 18. Na4 e5 19. g5 Ne8 20. f5 Nc7 21. h4 a5 22.
Be3 Na6 23. Bc2 Rb8 24. Bb3 Bb7 25. Nc1 Rc8 26. Nd3 f6 27. c5 dxc5 28. d6+ c4
29. dxe7 cxb3 30. Nb6 Nxb6 31. Bxb6 Bxe4 32. Rd1 Re8 33. Nc5 Nxc5 34. Bxc5 Kf7
35. Ra1 Bxf5 36. gxf6 gxf6 37. Rxa5 Be6 38. Bxb4 Rg8+ 39. Kf2 Rg4 40. Ra8 Bd7
41. Rf8+ Kg7 42. Ba3 Rxh4 43. e8=Q Bxe8 44. Rxe8 Rh3 45. Rc8 f5 46. Bd6 Kf6 47.
Ba3 h5 48. Rg8 f4 49. Kg2 Rd3 50. Bb4 h4 51. Rh8 Rg3+ 52. Kh2 f3 53. Bc3 Kf5
54. Re8 e4 55. Bd4 Rg2+ 56. Kh3 Re2 57. Kxh4 Rd2 58. Bc3 Rg2 59. Rf8+ Ke6 60.
Re8+ Kf5 61. Kh3 Kf4 62. Bd4 Rg3+ 63. Kh2 Rg2+ 64. Kh1 Rg4 65. Rb8 Rh4+ 66. Kg1
Rg4+ 67. Kf1 e3 68. Rxb3 e2+ 69. Ke1 Rh4 70. Be3+ Ke4 71. Bg1 Rh1 72. Rb4+ Kf5
73. Rb5+ Kg4 74. Kf2 Rxg1 0-1

[Event "Litomy?l"]
[Site "?"]
[Date "2018.02.01"]
[Round "7.12"]
[White "Kolar, Jan"]
[Black "Keprt, Tomas"]
[Result "1-0"]
[WhiteElo "1694"]
[BlackElo "1900"]
[PlyCount "55"]
[EventDate "2018.??.??"]

1. e4 c5 2. Nf3 Nc6 3. d4 cxd4 4. Nxd4 g6 5. Nc3 Bg7 6. Be3 Nf6 7. Bc4 a6 8.
Bb3 d6 9. f3 Bd7 10. Qd2 Qc7 11. O-O-O Na5 12. g4 Nxb3+ 13. Nxb3 Be6 14. Bd4
Rg8 15. Rhe1 h5 16. e5 dxe5 17. Bxe5 Qd7 18. Qe2 Qc8 19. g5 Nd7 20. Bxg7 Rxg7
21. Nd4 Nf8 22. Qe5 Rg8 23. Nd5 Nd7 24. Nc7+ Kd8 25. Ndxe6+ fxe6 26. Nxa8 Qxa8
27. Qxe6 Qc8 28. Qxg8+ 1-0

[Event "Litomy?l"]
[Site "?"]
[Date "2018.02.01"]
[Round "7.13"]
[White "Babula, Vlastimil"]
[Black "Hak, David"]
[Result "1-0"]
[WhiteElo "1836"]
[BlackElo "1889"]
[PlyCount "93"]
[EventDate "2018.??.??"]

1. e4 c5 2. Nf3 e6 3. d4 cxd4 4. Nxd4 a6 5. Bd3 Qc7 6. O-O Nc6 7. Be3 Nf6 8. c4
Be7 9. Nc3 O-O 10. Qe2 b6 11. Kh1 Bb7 12. f4 d6 13. Rae1 Rfc8 14. Nxc6 Bxc6 15.
Bd4 e5 16. fxe5 dxe5 17. Be3 Nd7 18. Qf2 f6 19. Nd5 Bxd5 20. cxd5 Bc5 21. Qh4
Bxe3 22. Rxe3 Qd6 23. Rh3 Nf8 24. Qg4 Rc7 25. Qe2 b5 26. Rhf3 Rac8 27. R3f2 Ng6
28. g3 Ne7 29. a4 bxa4 30. Bxa6 Rb8 31. Bd3 Rcb7 32. Qc2 Rxb2 33. Qxa4 R2b4 34.
Qd1 Rd4 35. Rd2 Rd8 36. Qe2 Rb8 37. Bc4 Rxd2 38. Qxd2 Nc8 39. Qc2 Kf8 40. Bd3
Nb6 41. Rb1 Nd7 42. Rxb8+ Nxb8 43. Kg2 Kf7 44. Bb5 Kg6 45. Qc8 Kh6 46. Qh3+ Kg5
47. Qh4+ 1-0